00576nam a2200145 a 450000100100000000500170001000800410002704000250006811000960009324500630018926000460025230000280029849000520032683000520037800004245620201002040153.0131203s2004 dr a 000 0 spa d aDO-SdBNPbspacBNPHU2 aReública DominicanabComisión Presidencial para la reforma y Modernización del Estado10aManual del ayuntamiento :bla Liga Municipal Dominicana /. aSanto Domingo :bLiga Municipal,c[200?]. a102 p. :bil. ;c21 cm.1 aCuadernos municipalesaBiblioteca Municipalv11 0aCuadernos municipalesv11pBiblioteca Municipal